000 00910nas a2200289 4500
001 BR8303582
003 BR-BrBNA
005 20231205085608.0
007 ta
008 230509b bl.|||p| |||| 00| 00por d
040 _aBR-BrBNA
_bpor
_cBiblioteca Nacional de Agricultura
041 _a(Pt)
072 _aF25
100 1 _aFernandes, P. de S.
100 1 _aBaena, E. de S.
100 1 _aCoutinho, C.J.
100 1 _aGoncalves, J.C.
111 1 _a4. Congresso Florestal Brasileiro
_cBelo Horizonte, MG (Brazil)
_d10-15 May 1982
245 1 _aUtilizacao da vermiculita no plantio de essencias florestais [eucalipto]
650 _aEUCALIPTO
650 _aVERMICULITA
650 _aCONDICIONADOR DO SOLO
650 _aPLANTIO
773 0 _tSilvicultura (Brazil)
_xISSN 0100-3615
_g(Jan-Feb 1983), v. 8(28) p. 282-284
_wBR8303582
909 _a202311
_bLúcia
_c55
_dLúcia Elande
942 _2AGRIS
_n0
_cANA
999 _c112454
_d112454